[Event "Biel GM"]
[Site "Biel"]
[Date "2000.07.26"]
[Round "3"]
[White "Svidler, Peter"]
[Black "Ponomariov, Ruslan"]
[Result "1/2-1/2"]
[WhiteElo "2689"]
[BlackElo "2630"]
[Annotator "Wells,P"]
[PlyCount "55"]
[EventDate "2000.07.24"]
[EventType "tourn"]
[EventRounds "10"]
[EventCountry "SUI"]
[EventCategory "16"]
[SourceTitle "CBM 079"]
[Source "ChessBase"]
[SourceDate "2000.11.21"]
[SourceVersion "1"]
[SourceVersionDate "2000.11.21"]
[SourceQuality "1"]

1. e4 {Finkel,A} g6 2. d4 Bg7 3. Nc3 d6 4. Be3 a6 5. f4 (5. a4 {is often the
instinctive reaction of many less experienced players, but in the Modern
defence it is rarely necessary to prevent black's queen-side expansion in this
way. Playing in the centre sharpens the struggle and intensifies the battle
for the initiative.}) 5... b5 6. Bd3 Bb7 7. Nf3 Nf6 (7... Nd7 {Finkel,A} 8. e5
c5 9. O-O cxd4 10. Bxd4 dxe5 11. fxe5 Nxe5 12. Bxe5 Bxe5 13. Bxb5+ axb5 14.
Qxd8+ Rxd8 15. Nxe5 $14 {De Vilder,H-Jonker,M/Dieren op 1997}) 8. e5 (8. a3 {
Finkel,A} Nbd7 9. h3 c5 10. e5 Nh5 $17) 8... Ng4 (8... Nd5 {Finkel,A} 9. Nxd5
Bxd5 10. O-O Nd7 11. Qe2 {/\a4,/\f5}) 9. Bg1 $5 (9. Qe2 {has been more often
played.}) (9. Qe2 {Finkel,A} Nc6 (9... c5 10. e6 $5 (10. Bg1 cxd4 11. Nxd4)
10... Bxf3 (10... fxe6 11. Bg1 {/\Ng5}) (10... Nxe3 11. exf7+ Kxf7 12. Qxe3
Bxf3 13. Qxf3 cxd4 14. Ne4 $40) 11. Qxf3 Nxe3 12. exf7+ Kxf7 13. Qxa8 cxd4 14.
Nd1 (14. Ne4 Nxg2+ 15. Kd2 Nxf4 16. Ng5+ Kg8 17. Raf1 Bh6 18. h4 $16) 14... Qc7
15. Nxe3 dxe3 16. Qd5+ $13 {Thorhallsson,T-Hjartarson,J/Nordic-ch VISA 1997}) (
9... Nxe3 10. Qxe3 O-O 11. O-O-O Nd7 12. e6 Bxf3 13. exf7+ Rxf7 14. gxf3 Bh6
15. Ne2 {/\h4}) 10. Bg1 O-O 11. h3 Nh6 12. h4 Nb4 13. h5 Nxd3+ 14. Qxd3 c5 15.
e6 c4 16. exf7+ Rxf7 17. Qe2 e5 $36 {Rahman,Z-Norwood,D/Dhaka 1993}) 9... c5 {
Finkel,A: 'Breaking white's center,but also sacrificing a pawn,and frankly
speaking without full compensation for it.'} (9... O-O {Finkel,A} 10. h3 Nh6
11. Bf2 dxe5 12. dxe5 f6 13. O-O Kh8 14. Ne4 $14 {Andreescu,N-Kiseleva,N/
EU-chJW U18 1995}) 10. dxc5 $5 {looks best} (10. exd6 c4 $15 {[%csl Rg1]
-Yudashin is an example of how in such a sharp line, a small slip can transfer
the initiative.}) 10... dxe5 11. h3 e4 $1 {[%cal Gg7b2,Gg4f6] '!?' Finkel,A.} (
{Deserved attention} 11... b4 {Finkel,A} 12. Be4 (12. Na4 e4 13. hxg4 exd3 14.
Qxd3 Qxd3 (14... Nc6) 15. cxd3 Nc6 16. Rd1 Rd8 17. Bf2 $14 {with better
prospects for white.}) 12... Nc6 13. Qxd8+ Rxd8 14. Nd5 Nf6 15. Nxf6+ exf6 $132
) 12. Nxe4 (12. hxg4 {Finkel,A} exf3 13. gxf3 Qa5 (13... Qc7) 14. Qd2 Nd7 15.
Be4 Bxe4 16. fxe4 $14) 12... Nf6 13. Bd4 $5 {As we shall see, this is another
bold move in the tussle for the initiative. The time-gaining aspect is clear -
this piece needed to up and leave the back-rank, but it also virtually commits
it to exchange. White had to forsee a good deal of what is to come. Putting
his knight on d6 would be a big mistake if it turns out it can be
straightforwardly undermined there.} (13. Nxf6+ {Finkel,A} Bxf6 14. c3 Nd7 15.
Bd4 Qc7 16. a4 $1 $14) 13... O-O 14. Bxf6 $1 (14. Nxf6+ {Finkel,A} exf6 15. Be2
Re8 16. Kf2 Nc6 17. c3 Nxd4 18. cxd4 $14) 14... exf6 15. Nd6 Qc7 {[%csl Yd6]
[%cal Yb2b4,Yb4c5,Yc5d6]} 16. b4 $1 {'?!' Finkel,A. Finkel,A: 'After this
natural move it seems that black manages to equalize while after'} (16. Nxb7
Re8+ 17. Be2 (17. Kf2 {Finkel,A} Qxb7 18. b4 f5 (18... a5 19. a3 axb4 20. axb4
Rxa1 21. Qxa1 Nc6 22. c3 f5 23. Qc1 $16) 19. Rb1 a5 20. a3 axb4 21. axb4 Nc6
22. Qd2 Nd4 23. Rhe1 $16 {his defensive task is far from being simple.}) 17...
Qxb7 {[%csl Rc5][%cal Gf6f5] would hand black the initiative on a plate.
However, again it is important to realise the level of decision-making
underlying such a move. White is now commited to pffering material too.}) 16...
f5 17. O-O $1 {Again critical.} (17. Rb1 Bc3+ 18. Kf1 Bd5 {[%cal Gb8c6] and it
looks as if the initiative is well on the way to changing hands}) 17... Bxf3 $1
{Not just praiseworthy for rightly resisting the material, but emphasising
again the reason why 17...Bxa1 would be so wrong, namely the central
importance of the dark squares. For obvious reasons, the exchange of bishop
for knight in general increases influence over that set of squares which is
the opposite of the exchanged bishop's domain. The knight on f3 was in
particular a heroic guardian of white's dark squares.} 18. Rxf3 Nc6 $1 (18...
Bxa1 {Finkel,A} 19. Qxa1 Nc6 20. a3 Rfd8 21. c4 $14) 19. a3 $1 a5 $1 {Perhaps
the best move of all. Material has long since been passed up ( note that aside
from the positional objections any ...Bxa1 would involve serious danger to
black's king too. ) However, the persistency with which white bolsters his
pawn chain, and black attacks it shows two players confident in their
understanding of the battleground for the initiative.} 20. Nxb5 ({The point of
black defnsive plan we can see after} 20. Rb1 {Finkel,A} axb4 21. axb4 Nxb4 $1
{[%cal Gc7c5]}) 20... Qe7 21. c3 (21. Rb1 {Finkel,A} axb4 22. axb4 Nxb4 $1 $11)
21... axb4 22. axb4 Rxa1 23. Qxa1 Nxb4 {'!' Finkel,A.} 24. Qa7 Qxa7 25. Nxa7
Bxc3 {'=' Finkel,A.} 26. Nb5 Bf6 27. Bc4 Rc8 28. Bxf7+ 1/2-1/2

[Event "POL-ch 57th"]
[Site "Plock"]
[Date "2000.05.03"]
[Round "6"]
[White "Macieja, Bartlomiej"]
[Black "Czerwonski, Aleksander"]
[Result "1-0"]
[WhiteElo "2538"]
[BlackElo "2414"]
[Annotator "Wells,P"]
[PlyCount "81"]
[EventDate "2000.04.28"]
[EventType "tourn"]
[EventRounds "13"]
[EventCountry "POL"]
[EventCategory "10"]
[SourceTitle "CBM 078"]
[Source "ChessBase"]
[SourceDate "2000.10.18"]
[SourceVersion "1"]
[SourceVersionDate "2000.10.18"]
[SourceQuality "1"]

1. e4 g6 2. d4 Bg7 3. Nf3 d6 4. Bc4 c6 5. O-O d5 6. Bb3 dxe4 7. Ng5 Nh6 8. c3
O-O 9. Nxe4 Qc7 10. Nbd2 Nd7 11. Nf3 Nf5 12. Re1 c5 13. dxc5 Nxc5 14. Nxc5 Qxc5
15. Bf4 Bf6 16. h3 Ng7 17. Ne5 Be6 18. Nd7 Bxd7 19. Qxd7 Qb6 20. Bc7 Qa6 21.
Rad1 Rac8 22. a4 Nf5 23. Bf4 Qb6 24. Qb5 Qxb5 25. axb5 Rc5 26. Rd5 Rfc8 27. g4
Nh4 28. Red1 e6 29. Rxc5 Rxc5 30. c4 Nf3+ 31. Kg2 Nd4 {[%csl Gd4][%cal Yd1d7,
Yd7a7]} 32. Be3 $1 {[%csl Rd4]} e5 $2 {This can be immediately undermined, and
any doubts concerning white's advantage in the forthcoming ending are removed.}
({Although white's control of the d-file and possibility for invasion of the
7th rank ensure that the two pieces struggle to match the rook ,this had to be
tried, with variations along the lines of} 32... Nxb3 33. Bxc5 Nxc5 34. b4 Nb3
(34... Ne4 $5 35. Rd7 (35. c5 $6 Nc3 $1 36. Rd7 Nxb5 37. Rxb7 a6 38. f4 (38.
Rb6 Nc7) 38... Kf8 $1 $132) 35... b6 36. f3 (36. Kf3 Ng5+) (36. Rxa7 Nd6 37. c5
bxc5 38. b6 cxb4 39. b7 Nxb7 40. Rxb7 Bc3 $15) 36... Nc3 37. Rxa7 $14) 35. Rd7
b6 36. Rxa7 Bd4 37. Ra3 $5 {[%csl Rb3]} (37. c5 bxc5 38. b6 cxb4 39. Ra8+ Kg7
40. b7 Be5 41. b8=Q Bxb8 42. Rxb8 $14 {[%csl Rb4] should only be a draw.})
37... Nc1 38. c5 $16 bxc5 $140 $2 39. bxc5 Bxc5 40. Rc3 $18 {[%csl Rc1,Rc5]})
33. f4 $1 Nxb3 34. Bxc5 Nxc5 35. fxe5 Be7 36. b4 Ne6 37. c5 $16 {[%cal Yd1d7]}
Nxc5 38. bxc5 Bxc5 39. Rd8+ Kg7 40. Rd7 {[%cal Ye5e6]} Kf8 41. Rxb7 {Such
endings are trivial with pawns still on both wings.} 1-0

[Event "Belfort"]
[Site "Belfort"]
[Date "1997.??.??"]
[Round "1"]
[White "Marciano, David"]
[Black "Gurevich, Mikhail"]
[Result "1-0"]
[WhiteElo "2470"]
[BlackElo "2620"]
[Annotator "Yudasin,L"]
[PlyCount "127"]
[EventDate "1997.10.??"]
[EventType "tourn"]
[EventRounds "10"]
[EventCountry "FRA"]
[EventCategory "13"]
[SourceTitle "CBM 062"]
[Source "ChessBase"]
[SourceDate "1998.01.31"]
[SourceVersion "1"]
[SourceVersionDate "1998.01.31"]
[SourceQuality "1"]

1. e4 d6 2. d4 g6 3. Nc3 Bg7 4. Be3 a6 5. f4 b5 6. Be2 $5 b4 (6... Nd7 7. Bf3
Bb7 8. e5 Qc8 9. Qe2 (9. Bxb7 Qxb7 10. Qf3 Rb8 11. O-O-O Nh6 12. Bf2 e6 13. h3
Nf5 14. g4 Ne7 15. Ne4 d5 16. Nc5 Nxc5 17. dxc5 O-O 18. Ne2 f6 19. exf6 Bxf6
20. Nd4 Bxd4 21. Bxd4 Nc6 22. Be3 Rf7 23. h4 Rbf8 24. Qe2 d4 25. Bd2 Nd8 26.
Qe5 Qd5 27. Qxd5 exd5 28. Rde1 Nc6 29. Re6 Rf6 30. Rhe1 Rxe6 31. Rxe6 Nb8 32.
Ba5 Kf7 33. f5 Rc8 34. c6 gxf5 35. gxf5 Kf8 36. Bd2 Re8 37. Rh6 Kg8 38. Bf4 Re7
39. b4 Rf7 40. Re6 h5 41. Kd2 a5 42. Re8+ Rf8 43. Rxf8+ Kxf8 44. Bxc7 {1-0
Morozevich,A-Azmaiparashvili,Z/New York op 1997/EXP 57}) 9... e6 10. O-O-O Ne7
11. d5 Nxd5 12. Nxd5 exd5 13. Bg4 O-O 14. e6 fxe6 15. Bxe6+ Kh8 16. Nh3 Qe8 17.
Ng5 Nc5 18. Bxc5 dxc5 19. h4 Qd8 20. c3 Qf6 21. Kb1 {Westerinen,H-Keene,R/
Reykjavik 1976/EXT 97/ - (36)}) (6... Bb7 7. a3 Nd7 8. Bf3 e5 9. Nge2 Ngf6 10.
O-O O-O 11. Ng3 exd4 12. Bxd4 Nb6 13. Qd3 c5 14. Bxf6 Bxf6 15. e5 Bxf3 16. exf6
Bc6 17. Nce4 Nd5 18. f5 Nxf6 19. Nxf6+ Qxf6 20. fxg6 Qxg6 21. Rf5 {Andrienko,
A-Asanov,B/Bratislava op 1993/EXT 93op2/1-0 (44)}) 7. Nb1 Bb7 8. Bf3 Nf6 9. Qd3
Nbd7 10. Nd2 Qc8 $6 (10... O-O 11. Ne2 e5 $132) 11. Ne2 c5 $6 12. dxc5 Nxc5 13.
Bxc5 Qxc5 $2 (13... dxc5 14. e5 Nd7 15. Nc4 Bxf3 16. Qxf3 O-O 17. O-O-O Qc7 $14
) 14. e5 Nd5 $8 15. Nb3 Qb5 (15... Qc6 16. Na5) 16. O-O-O e6 $8 17. exd6 Qb6
18. f5 $1 gxf5 19. Ned4 O-O-O (19... O-O 20. Nxf5 Nf4 21. Qd2) (19... Qxd6 20.
Nxf5 Qf4+ 21. Kb1) (19... Nf4 20. Qe3 Nd5 21. Bxd5 Bxd5 22. Qg5 Bf8 23. Nxf5)
20. Nxf5 Bf6 21. Qc4+ Kb8 22. Bxd5 Bxd5 23. Rxd5 $1 exd5 24. Qxd5 Rhe8 (24...
Qb7 25. Qd3 Qxg2 26. Rd1 $44 {/\NcR}) 25. Na5 Rd7 26. Nc6+ Kc8 27. Nce7+ Kb8
28. Nc6+ Kc8 (28... Ka8 29. Na5+ (29. Nxb4+ Rb7 30. c3 a5 31. Nd3 Bxc3 (31...
Re2 32. Kd1 Rxb2 33. Nxb2 Qxb2 34. Re1 Qxc3 35. Re7 $18) 32. bxc3 Qb1+ (32...
Re2 33. Kd1) 33. Kd2 Qxh1 34. d7 Rd8 35. Qxa5+) 29... Kb8 $11) 29. Rd1 $5 (29.
Nfe7+ Bxe7 30. Nxe7+ Kb8 31. Nc6+ Kc8 32. Rd1 Re6 33. Ne7+ Kb8 $11) 29... Qb5
30. Nce7+ (30. Qf3 $16) 30... Kb8 31. Nc6+ Ka8 (31... Kc8 32. Qf3 $16) 32.
Nxb4+ Ka7 33. Qxb5 axb5 34. a3 (34. h3 $16) 34... Kb7 $2 (34... Re2 $13) 35. g4
Re2 36. h4 Re4 37. g5 Be5 38. Rd5 Kb6 39. Nd3 $16 Bf4+ 40. Kb1 Kc6 41. Nxf4
Rxf4 42. Ne7+ Kb6 43. h5 $18 Rh4 44. h6 Rf4 45. b4 f6 46. g6 hxg6 47. Nxg6 Rf1+
48. Kb2 Rh1 49. Nf8 Rd8 50. d7 Rxf8 (50... Kc6 51. Rc5+ Kd6 52. Rc8 Ke7 53. h7
{/\Ng6}) 51. d8=Q+ Rxd8 52. Rxd8 Rxh6 53. Rd6+ Kc7 54. Rd5 Kc6 55. Rc5+ Kb6 56.
Rf5 Rh3 (56... Kc6 57. c3 Kb6 58. Kb3 Kc6 59. a4 $18) 57. Rxf6+ Kb7 58. Rd6 Rh1
59. Rd5 Kb6 60. c3 Rg1 61. a4 bxa4 62. Ra5 Rg2+ 63. Ka3 Rc2 64. Rc5 1-0

[Event "RUS-Cup02"]
[Site "Moscow"]
[Date "1998.??.??"]
[Round "2"]
[White "Dolmatov, Sergey"]
[Black "Chepukaitis, Genrikh"]
[Result "1-0"]
[WhiteElo "2570"]
[BlackElo "2420"]
[Annotator "Yudasin,L"]
[PlyCount "153"]
[EventDate "1998.01.21"]
[EventType "swiss"]
[EventRounds "9"]
[EventCountry "RUS"]
[SourceTitle "CBM 063"]
[Source "ChessBase"]
[SourceDate "1998.03.26"]
[SourceVersion "1"]
[SourceVersionDate "1998.03.26"]
[SourceQuality "1"]

1. e4 g6 2. d4 Bg7 3. c3 d6 4. Nf3 Nd7 5. Bd3 e6 $6 6. O-O a6 (6... Ne7 7. Re1
O-O $14) 7. Re1 Ne7 8. Be3 b6 9. Nbd2 Bb7 10. h3 h6 (10... O-O 11. a4 c5) 11.
Nf1 O-O 12. Ng3 Kh7 (12... c5) 13. Qe2 Qe8 14. Rad1 $16 b5 (14... a5 {/\Rd8})
15. Bc1 c5 16. Bb1 $1 {/\h4,/\dc} Rd8 17. Nh2 (17. h4 $5) 17... e5 $1 18. Be3 (
18. d5 c4 19. Be3 Rc8 $132 {/\Nc5,/\f5}) 18... Rc8 $6 (18... cxd4 19. cxd4 {
/\f4}) (18... Nc6 $5 19. d5 (19. dxc5 dxc5 {/\Qe7} (19... Nxc5 20. Rxd6) 20. a4
c4 $16) 19... Ne7 20. c4 b4 21. f4 exf4 22. Bxf4 Ne5 23. Nf3 Ng8) 19. f4 $1
cxd4 20. cxd4 Rc4 (20... Nc6 21. Nf3 Qe7 22. fxe5 dxe5 23. d5) 21. Nf3 Nc6 $1
22. Bd3 Nxd4 (22... exd4 23. Bxc4 dxe3 24. Bd5) (22... Ra4 23. b3) 23. Bxd4
Rxd4 24. Nxd4 exd4 25. Bc2 Qd8 26. Qd2 Re8 27. Kh2 Nc5 $1 (27... Qb6 28. Bb3
Re7 $132) 28. b4 Ne6 $2 (28... Na4 29. Bxa4 bxa4 $13) 29. Ne2 Qh4 30. g3 Qe7
31. Ng1 $6 (31. Bd3 $16 {/\Rc1}) 31... Rc8 32. Bd3 (32. Bb3 Rc3 33. Ne2 Re3)
32... Rc3 33. Ne2 Rc8 34. Rc1 Re8 35. Ng1 Nd8 36. Nf3 Qd7 37. Qf2 $1 Nc6 38. a3
$16 Kg8 $5 (38... Re7) 39. Nd2 Qd8 $1 (39... Re7 40. Rc2 Qe8 $132) 40. Rc2 Qb6
41. Nb3 Bc8 $5 (41... a5 42. Qd2 axb4 43. axb4 Ra8 44. Ra1 $16) (41... a5 42.
Qd2 axb4 43. axb4 Ra8 44. Ra1 $16) 42. Rec1 Bb7 43. Qd2 Nd8 44. Re1 Nc6 45. Bf1
Bc8 46. Rec1 Bb7 47. Bg2 Nd8 48. Re1 Ne6 $2 (48... Nc6 $14) 49. Na5 g5 $2 (
49... Ba8 50. Rec1 Qb8 51. h4 h5 52. f5 Nf8 53. Rc7 $16) 50. Nxb7 Qxb7 51. e5
$1 Qb8 52. f5 Nf8 53. e6 $18 fxe6 54. fxe6 Ng6 55. Bd5 Ne7 56. Ba2 Rf8 57. Qd3
d5 58. Rf1 Rxf1 59. Qxf1 Qf8 60. Qxf8+ Kxf8 61. Kg2 Be5 62. Re2 Bf6 63. Kf1 Nf5
64. e7+ $1 Nxe7 (64... Ke8 65. Re6 Bxe7 66. g4 Ne3+ 67. Ke2 $18) 65. Re6 Kg7
66. Bb1 h5 67. Rxa6 Kf7 68. g4 hxg4 69. hxg4 Be5 70. Ke2 Nc8 71. Ba2 Nd6 72.
Bxd5+ Ke7 73. Kd3 Kd7 74. Ra7+ Kd8 75. Bc6 Kc8 76. Re7 Bf4 77. Kxd4 {Yudasin}
1-0

[Event "Olomouc AZ Sanace Cup"]
[Site "Olomouc"]
[Date "1998.08.16"]
[Round "9"]
[White "Kalod, Radek"]
[Black "Oral, Tomas"]
[Result "1/2-1/2"]
[WhiteElo "2435"]
[BlackElo "2510"]
[Annotator "Yudasin,L"]
[PlyCount "53"]
[EventDate "1998.08.08"]
[EventType "tourn"]
[EventRounds "9"]
[EventCountry "CZE"]
[EventCategory "10"]
[SourceTitle "CBM 067"]
[Source "ChessBase"]
[SourceDate "1998.11.30"]
[SourceVersion "2"]
[SourceVersionDate "1998.11.01"]
[SourceQuality "1"]

1. e4 g6 2. d4 Bg7 3. Nc3 d6 4. Be3 c6 (4... a6) 5. f3 (5. a4) (5. Qd2) 5... b5
(5... Qb6 $5) 6. Qd2 Nd7 7. h4 (7. g4 $5) (7. O-O-O Qa5 8. Kb1 Nb6 9. Bd3 $13)
7... h5 8. Nh3 Nb6 (8... Ngf6 9. Ng5 O-O 10. O-O-O {/\ g4,e5}) 9. Ng5 Nf6 10.
a4 $1 (10. Be2 O-O 11. O-O e5 $132) 10... b4 (10... Nc4 $5 11. Bxc4 bxc4 12.
Ne2 (12. Nd1 $5) 12... Rb8 13. Qc3 d5 14. e5 Nh7 15. Nxh7 Rxh7 16. a5 $36) 11.
Nd1 a5 12. c4 $1 bxc3 (12... e6 13. Be2 (13. b3) 13... d5 14. e5 Nh7 15. c5 Nc4
16. Bxc4 dxc4 17. Nxh7 Rxh7 18. Bg5 Qd7 19. Ne3 $16) 13. Nxc3 $6 (13. bxc3 Ba6
(13... O-O 14. c4 Ba6 15. Qc2 d5 (15... e5 16. d5 Rc8 $132) 16. e5 Nh7 17. Nxh7
Kxh7 18. g4 $40) 14. Bxa6 Rxa6 15. Qd3 {/\c4}) 13... O-O 14. Be2 Nfd7 $6 (
14... Ba6 15. Bxa6 Rxa6 16. Qd3 Ra7 $132 {/\e6,d5}) 15. O-O (15. g4 Nf6 16. Rg1
$36) 15... Nb8 $5 16. Rfe1 (16. f4 $5 f6 17. Nf3 f5 18. e5 (18. Ng5 $5) 18...
Ba6 19. b3 Bxe2 20. Qxe2 Na6 21. Ng5 Qd7 $13) (16. b3) 16... Na6 (16... f6 17.
Nh3 Bxh3 18. gxh3 f5 $13) 17. Bf1 (17. f4 $5) 17... Nb4 (17... f6 18. Nh3 Bxh3
19. gxh3 f5 20. Qg2 Kh7 21. Rad1 $36) 18. Qf2 $6 (18. Rad1 $1) (18. b3) 18...
f6 $1 19. Nh3 Bxh3 20. gxh3 f5 $1 21. Qg3 $2 (21. Qg2 Kh7 (21... f4 22. Bf2 Nc2
23. Qxg6 Qe8 $17)) (21. Rad1 f4 22. Bc1 Qe8 $13) 21... Kh7 $2 (21... f4 22.
Bxf4 Bxd4+ 23. Kh1 Kh7 24. Rad1 e5 25. Bg5 Qd7 $36) (21... Nc2 22. Qxg6 f4 $17)
22. Kh1 f4 (22... Nc2 23. exf5 gxf5 24. Bd3 Nxe1 25. Rxe1 $146) 23. Bxf4 Bxd4
24. Red1 (24. Rad1 e5 25. Bg5 Qd7 $36) 24... Nc2 $6 (24... e5 25. Bg5 Qd7 26.
f4 $6 Qf7) 25. Rac1 $1 (25. Bd3 $5 Nxa1 (25... Nb4 26. e5 Nxd3 27. Rxd3 dxe5
$13) 26. e5 Qe8 27. Rxa1 Rxf4 (27... dxe5 28. Bxe5 Bxe5 29. Qxe5 Rd8 $13) 28.
Qxf4 Bxe5 29. Qg5 Bf6 30. Qxh5+ Kg7 31. Qg4 $40 Qh8) 25... Be3 26. Bxe3 (26.
Bxd6 Bxc1 (26... exd6 27. Rxc2 Bf4 28. Qf2 Rb8 $14) 27. Bc7 $18) 26... Nxe3 27.
Rd3 {28...Nf1 28.Rf1 e5 29.Rfd1 Rf6 30.Qe5 de5 31.Rd8 Rd8 32.Rd8 Rf3~~ To many
mistakes Yudasin} 1/2-1/2

[Event "FRA-ch"]
[Site "Meribel"]
[Date "1998.08.26"]
[Round "13"]
[White "Marciano, David"]
[Black "Chomet, Pascal"]
[Result "1-0"]
[WhiteElo "2525"]
[BlackElo "2405"]
[Annotator "Yudasin,L"]
[PlyCount "83"]
[EventDate "1998.08.14"]
[EventType "tourn"]
[EventRounds "15"]
[EventCountry "FRA"]
[EventCategory "10"]
[SourceTitle "CBM 067"]
[Source "ChessBase"]
[SourceDate "1998.11.30"]
[SourceVersion "2"]
[SourceVersionDate "1998.11.01"]
[SourceQuality "1"]

1. e4 g6 2. d4 Bg7 3. Nc3 d6 4. Be3 a6 5. f4 (5. f3) (5. a4) 5... b5 6. Be2 (6.
Bd3 Bb7 7. Nf3 Nf6 (7... b4 8. Ne2 Nf6 9. e5) 8. e5 $36) 6... Bb7 (6... b4 7.
Nb1 Bb7 8. Bf3 Nf6 9. Nd2 Nbd7 10. Ne2 c5 11. c3 $14) 7. Bf3 e6 (7... Nd7 8. e5
Bxf3 9. Qxf3 c5 10. O-O-O cxd4 11. Bxd4 dxe5 12. fxe5 $16 {/\e6}) 8. g4 $5 (8.
Qd3 Nd7 $132 {/\c5,Ne7}) (8. e5 $5) 8... Nd7 (8... b4 9. Nce2 Nd7 10. Qd2 a5
11. h4 $36) 9. e5 $1 Bxf3 (9... Qc8 10. Ne4 d5 11. Nd2 c5 12. c3 b4 13. Ne2 {
/\h4-h5,/\f5}) 10. Qxf3 Ne7 (10... h5 11. h3) 11. Nge2 O-O (11... b4 12. Ne4
d5 13. N4g3 c5 14. h4 $40) 12. O-O-O b4 (12... d5 13. Ng3 (13. h4)) 13. Ne4 Nd5
14. g5 (14. exd6 cxd6 15. Nxd6 Qc7 16. Ne4 Rac8 17. Rd2 N7b6 $40) (14. h4 f5
15. Ng5 Qe7 (15... fxg4 16. Qg3) 16. h5 fxg4 17. Qg3 $40) 14... a5 15. h4 b3 (
15... a4 16. h5 b3 17. a3 bxc2 18. Rd3 {/\Qh3} Re8 19. hxg6 hxg6 20. Nf6+ N7xf6
21. exf6 $16 Bxf6 (21... Nxf6)) 16. cxb3 a4 17. h5 axb3 18. a3 Qe7 {/\de5,Rh3}
19. Nf6+ Bxf6 20. gxf6 N7xf6 21. exf6 Qxf6 $18 22. Qh3 Qe7 (22... Qf5 23. Qxf5
exf5 24. Rd3 Rae8 25. Kd2 Re4 26. Rxb3 $18) (22... Qg7 23. hxg6 hxg6 24. Rh2 {
/\Rdh1}) 23. Rdg1 c5 24. hxg6 fxg6 25. Rxg6+ $1 hxg6 26. Qh8+ Kf7 27. Rh7+ Ke8
28. Rxe7+ Kxe7 29. Qh7+ (29. Qh4+ Kd7 {/\Rh8}) 29... Rf7 30. Qh4+ Kd7 (30... g5
31. fxg5 Nxe3 32. g6+ Rf6 33. Qh7+ Ke8 34. g7) 31. Bd2 c4 (31... Rc8 32. dxc5
Rxc5+ 33. Kd1 Rc2 34. Bc1 g5 35. Qh3 gxf4 36. Nd4) 32. Nc3 g5 33. Qh5 Rff8 34.
Nxd5 exd5 35. Qg6 (35. Qxg5 Rg8 36. Qf5+ Kc6 37. Be3 Rae8 38. Qh3 Rh8 39. Qf3
Rh2 $132) 35... Rh8 (35... gxf4 36. Bb4 Ra6 37. Qg7+ Ke8 38. Qb7 f3 39. Qxa6 f2
40. Qc8+ Kf7 41. Qf5+ Kg8 42. Qg4+ Kh8 43. Qh3+ Kg7 44. Qf1) 36. Bb4 Rh1+ 37.
Kd2 Rh2+ 38. Ke3 gxf4+ (38... Re8+ 39. Kf3 Re6 40. Qf7+ Re7 41. Qxd5) 39. Kxf4
Ra6 40. Qf7+ Kc6 41. Qe8+ Kc7 42. Qb5 {42...Rc6 43.Ba5 Kd7 44.Qb7 Yudasin} 1-0